[Event "BUL-ch (Women)"]
[Site "Pernik"]
[Date "1992.??.??"]
[Round "5"]
[White "Georgieva, Emilia"]
[Black "Marinova, Elka"]
[Result "1-0"]
[WhiteElo "2085"]
[BlackElo "2075"]
[PlyCount "140"]
[EventDate "1992.??.??"]
[EventType "swiss"]
[EventRounds "9"]
[EventCountry "BUL"]
[SourceTitle "EXT 1998"]
[Source "ChessBase"]
[SourceDate "1997.11.17"]
[SourceVersion "1"]
[SourceVersionDate "1997.11.17"]
[SourceQuality "1"]

1. d4 Nf6 2. c4 g6 3. Nc3 Bg7 4. e4 d6 5. Nf3 0-0 6. Be2 e5 7. dxe5 dxe5 8. Qxd8 Rxd8 9. Bg5 Re8 10. Nd5 Nxd5 11. cxd5 c6 12. Bc4 h6 13. Be3 b5 14. Bb3 Bb7 15. 0-0 cxd5 16. exd5 a5 17. a4 b4 18. Rad1 Nd7 19. Rfe1 e4 20. Nd4 Nc5 21. Bc2 Rac8 22. Nb5 b3 23. Bxb3 Nxb3 24. Nd6 Ba6 25. Nxe8 Rxe8 26. d6 Rd8 27. Bb6 Rd7 28. Rxe4 Bf8 29. Re8 f5 30. g3 Kf7 31. Re3 Bc4 32. Rc3 Be6 33. Rdd3 Rxd6 34. Rxb3 Bxb3 35. Rxb3 Rd1+ 36. Kg2 Bb4 37. Rf3 Rd2 38. b3 Rc2 39. g4 Ke6 40. gxf5+ gxf5 41. Be3 h5 42. Rh3 Rc3 43. Rxh5 Rxb3 44. h4 Bc3 45. Rh6+ Kf7 46. h5 Rb4 47. Rc6 Bf6 48. Rc7+ Kg8 49. Rc5 Rxa4 50. Rxf5 Bc3 51. Rc5 Ra3 52. Rc8+ Kh7 53. Rc7+ Kg8 54. h6 Bf6 55. Kf3 a4 56. Kg4 Ra1 57. Kf5 Bb2 58. f4 Rh1 59. Kg6 Kf8 60. h7 Rh3 61. Bc5+ Ke8 62. Ra7 Rg3+ 63. Kf5 Rh3 64. Ke4 Rh4 65. Re7+ Kd8 66. Ra7 Kc8 67. Rxa4 Kc7 68. Ra7+ Kc6 69. Bf2 Rh5 70. Ra6+ Kb5 1-0

[Event "Wch U26 (Women)"]
[Site "Antwerp"]
[Date "1992.??.??"]
[Round "3"]
[White "Marinova, Elka"]
[Black "Kisova, Petra"]
[Result "1-0"]
[WhiteElo "2075"]
[BlackElo "2140"]
[PlyCount "109"]
[EventDate "1992.??.??"]
[EventType "swiss"]
[EventRounds "9"]
[EventCountry "BEL"]
[SourceTitle "TD"]
[Source "ChessBase"]
[SourceDate "1994.03.01"]
[SourceVersion "1"]
[SourceVersionDate "1994.03.01"]
[SourceQuality "1"]

1. e4 e5 2. Nf3 Nc6 3. d4 exd4 4. Nxd4 Qf6 5. Be3 Bc5 6. c3 Nge7 7. g3 d5 8. Bg2 dxe4 9. Nb5 Bxe3 10. Nxc7+ Kf8 11. 0-0 Rb8 12. fxe3 Qe5 13. Qb3 f5 14. Nb5 Be6 15. Qa4 Bf7 16. Nd2 g6 17. Rad1 Qc5 18. Nd4 b5 19. N2b3 Qb6 20. Qa3 b4 21. Qa4 Ne5 22. Qxb4 Qxb4 23. cxb4 Rxb4 24. Bxe4 Bc4 25. Rf4 Kg7 26. Bb1 Nd5 27. Nxf5+ gxf5 28. Rxd5 Rxb3 29. Rxe5 Rxb2 30. Bxf5 Rd8 31. Re7+ Kg8 32. Rd7 Rxd7 33. Bxd7 Bxa2 34. Ra4 Rb1+ 35. Kg2 Rb7 36. Bc6 Bb3 37. Rg4+ Rg7 38. Rb4 Be6 39. e4 Kf7 40. Rb7+ Kf8 41. Rb8+ Kf7 42. Kf3 Kf6 43. Rb5 Rc7 44. e5+ Ke7 45. Be4 h6 46. Kf4 Bc4 47. Rb8 Be2 48. Rh8 h5 49. Bg6 a5 50. Bxh5 Bxh5 51. Rxh5 a4 52. Rh7+ Kd8 53. Rh8+ Ke7 54. Ra8 Rc4+ 55. Kf5 1-0

[Event "Wch U26 (Women)"]
[Site "Antwerp"]
[Date "1992.??.??"]
[Round "1"]
[White "Marinova, Elka"]
[Black "Vilar Lopez, Monica"]
[Result "1/2-1/2"]
[WhiteElo "2075"]
[BlackElo "2210"]
[PlyCount "104"]
[EventDate "1992.??.??"]
[EventType "swiss"]
[EventRounds "9"]
[EventCountry "BEL"]
[SourceTitle "TD"]
[Source "ChessBase"]
[SourceDate "1994.03.01"]
[SourceVersion "1"]
[SourceVersionDate "1994.03.01"]
[SourceQuality "1"]

1. e4 c6 2. d3 d5 3. Nd2 dxe4 4. dxe4 Nf6 5. c3 e5 6. Ngf3 Bg4 7. Qc2 Qc7 8. Be2 Be7 9. 0-0 0-0 10. Nc4 Nbd7 11. Ne3 Bh5 12. Nf5 Nc5 13. Ng5 h6 14. b4 hxg5 15. bxc5 g4 16. Bg5 g6 17. Bxf6 Bxf6 18. Bxg4 Bxg4 19. Nh6+ Kg7 20. Nxg4 Bg5 21. g3 Rh8 22. c4 Rh5 23. Rad1 Rah8 24. Qd3 Rd8 25. Qf3 Be7 26. Rxd8 Qxd8 27. Rb1 Qc8 28. h4 Qe6 29. Rxb7 Bxc5 30. Rb2 Rh8 31. Kg2 Rd8 32. Qe2 Rd4 33. Rc2 Qd6 34. Nh2 Qe7 35. Nf3 Rd7 36. Rb2 Ba3 37. Rc2 Bc5 38. Kh2 Rd8 39. Kg2 Rd7 40. Rc1 Ba3 41. Rh1 Rb7 42. h5 Rb2 43. h6+ Kh7 44. Qd1 Bc5 45. Rf1 Rxa2 46. Qc1 f6 47. Nh2 Qd7 48. Qb1 Rd2 49. Nf3 Re2 50. Ng1 Rd2 51. Nf3 Re2 52. Ng1 Rd2 1/2-1/2

[Event "Wch U26 (Women)"]
[Site "Antwerp"]
[Date "1992.??.??"]
[Round "9"]
[White "Markowska, Justyna"]
[Black "Marinova, Elka"]
[Result "0-1"]
[WhiteElo "2005"]
[BlackElo "2075"]
[PlyCount "76"]
[EventDate "1992.??.??"]
[EventType "swiss"]
[EventRounds "9"]
[EventCountry "BEL"]
[SourceTitle "TD"]
[Source "ChessBase"]
[SourceDate "1994.03.01"]
[SourceVersion "1"]
[SourceVersionDate "1994.03.01"]
[SourceQuality "1"]

1. e4 c5 2. Nc3 Nc6 3. g3 g6 4. Bg2 Bg7 5. d3 d6 6. Be3 e6 7. f4 Nge7 8. Nf3 0-0 9. 0-0 Rb8 10. Qd2 b5 11. Rab1 a5 12. Ne2 b4 13. d4 Ba6 14. Rfe1 Qb6 15. Rbd1 a4 16. g4 Bc4 17. Nc1 Rfd8 18. b3 axb3 19. cxb3 Bb5 20. Qf2 cxd4 21. Nxd4 Nxd4 22. Bxd4 Bxd4 23. Qxd4 Qxd4+ 24. Rxd4 Nc6 25. Rd2 e5 26. fxe5 dxe5 27. Rd5 f6 28. Kf2 Nd4 29. Rd1 Rdc8 30. h3 Rc2+ 31. Kg1 Rbc8 32. Nd3 Bxd3 33. Rxd3 Rxa2 34. g5 Rc1+ 35. Kh2 Rcc2 36. Rg3 Ne2 37. Rgd3 Nd4 38. Rg3 Ne6 0-1

[Event "Wch U26 (Women)"]
[Site "Antwerp"]
[Date "1992.??.??"]
[Round "2"]
[White "Stoianova, R."]
[Black "Marinova, Elka"]
[Result "1/2-1/2"]
[WhiteElo "2045"]
[BlackElo "2075"]
[PlyCount "39"]
[EventDate "1992.??.??"]
[EventType "swiss"]
[EventRounds "9"]
[EventCountry "BEL"]
[SourceTitle "TD"]
[Source "ChessBase"]
[SourceDate "1994.03.01"]
[SourceVersion "1"]
[SourceVersionDate "1994.03.01"]
[SourceQuality "1"]

1. e4 c5 2. c3 Nf6 3. e5 Nd5 4. d4 cxd4 5. cxd4 Nc6 6. Bc4 Nb6 7. Bb3 e6 8. Nc3 d6 9. Nf3 dxe5 10. dxe5 Qxd1+ 11. Bxd1 Bb4 12. 0-0 a6 13. Bf4 0-0 14. Na4 Nxa4 15. Bxa4 b5 16. Bc2 Bb7 17. Rad1 Rad8 18. Rxd8 Rxd8 19. Rd1 Rxd1+ 20. Bxd1 1/2-1/2

[Event "BUL-chT (Women)"]
[Site "Bankia"]
[Date "1992.??.??"]
[Round "?"]
[White "Voiska, Margarita"]
[Black "Marinova, Elka"]
[Result "1-0"]
[WhiteElo "2345"]
[BlackElo "2075"]
[PlyCount "53"]
[EventDate "1992.??.??"]
[EventType "team-swiss"]
[EventRounds "7"]
[EventCountry "BUL"]
[SourceTitle "EXT 1998"]
[Source "ChessBase"]
[SourceDate "1997.11.17"]
[SourceVersion "1"]
[SourceVersionDate "1997.11.17"]
[SourceQuality "1"]

1. d4 Nf6 2. c4 d6 3. Nf3 g6 4. g3 Bg7 5. Bg2 0-0 6. 0-0 Nbd7 7. Qc2 c6 8. Rd1 Qc7 9. e4 e5 10. dxe5 dxe5 11. h3 Nc5 12. Nc3 a5 13. Be3 b6 14. b3 Ba6 15. a3 Ne6 16. Rac1 Rfd8 17. Bf1 Nd7 18. b4 Ndf8 19. b5 Nd4 20. Nxd4 exd4 21. Bf4 Qe7 22. Na4 cxb5 23. Nxb6 bxc4 24. Bxc4 Ra7 25. Nd5 Qxa3 26. Bxa6 Rxa6 27. Rd3 1-0

[Event "BUL-chT (Women)"]
[Site "Bankia"]
[Date "1991.??.??"]
[Round "3"]
[White "Hansen, Evgenia"]
[Black "Marinova, Elka"]
[Result "1-0"]
[WhiteElo "2175"]
[BlackElo "2075"]
[PlyCount "83"]
[EventDate "1991.??.??"]
[EventType "team"]
[EventRounds "7"]
[EventCountry "BUL"]
[SourceTitle "EXT 2000"]
[Source "ChessBase"]
[SourceDate "1999.11.16"]
[SourceVersion "1"]
[SourceVersionDate "1999.11.16"]
[SourceQuality "1"]

1. d4 Nf6 2. c4 g6 3. Nc3 Bg7 4. e4 d6 5. Be2 0-0 6. Nf3 e5 7. 0-0 Nc6 8. d5 Ne7 9. a4 Nd7 10. a5 f5 11. Ne1 f4 12. b4 g5 13. Nd3 Nf6 14. f3 h5 15. h3 Kh8 16. c5 Bd7 17. Bd2 Neg8 18. Nf2 Qe8 19. Na4 Nh6 20. cxd6 cxd6 21. Nb2 Qg6 22. Nc4 g4 23. hxg4 hxg4 24. fxg4 Nfxg4 25. Nxg4 Bxg4 26. Bxg4 Nxg4 27. Ra3 Bh6 28. Rh3 Rg8 29. Qf3 Rac8 30. Rc1 Rc7 31. Rc3 Rgc8 32. Nxd6 Qxd6 33. Qxg4 Rg8 34. Qe6 Qxe6 35. dxe6 Rh7 36. e7 Bg5 37. Rxh7+ Kxh7 38. Rc7 Re8 39. Rxb7 Rxe7 40. a6 Kg6 41. b5 Rf7 42. b6 1-0

[Event "BUL-chT (Women)"]
[Site "Bankia"]
[Date "1991.??.??"]
[Round "5"]
[White "Ilieva, Hristina"]
[Black "Marinova, Elka"]
[Result "1-0"]
[WhiteElo "2190"]
[BlackElo "2075"]
[PlyCount "91"]
[EventDate "1991.??.??"]
[EventType "team"]
[EventRounds "7"]
[EventCountry "BUL"]
[SourceTitle "EXT 2000"]
[Source "ChessBase"]
[SourceDate "1999.11.16"]
[SourceVersion "1"]
[SourceVersionDate "1999.11.16"]
[SourceQuality "1"]

1. d4 Nf6 2. Nf3 d6 3. c4 g6 4. Nc3 Bg7 5. e4 0-0 6. Be2 Nc6 7. 0-0 e5 8. d5 Ne7 9. Ne1 Nd7 10. Nd3 f5 11. Bd2 f4 12. f3 g5 13. g4 fxg3 14. hxg3 Ng6 15. b4 h5 16. Rc1 h4 17. g4 Nb6 18. Qb3 a5 19. bxa5 Rxa5 20. Nb5 Ra6 21. c5 Na8 22. Bb4 Kh7 23. cxd6 cxd6 24. Nxd6 Rxd6 25. Rxc8 Qb6+ 26. Rc5 Nc7 27. Ba5 Qxb3 28. axb3 Na6 29. Rc2 Bf6 30. Bd2 Bd8 31. Be3 Bb6 32. Kf2 Bxe3+ 33. Kxe3 Rb6 34. Rb1 Rf7 35. b4 Nc7 36. Nc5 Nf4 37. Rd2 Ng2+ 38. Kf2 Nf4 39. d6 Nce6 40. Nxe6 Nxe6 41. Bc4 Nd8 42. Bxf7 Nxf7 43. d7 Nd8 44. Ra1 Rf6 45. Ra8 Rf8 46. Rd5 1-0

[Event "BUL-ch (Women)"]
[Site "Sofia"]
[Date "1987.??.??"]
[Round "6"]
[White "Bratimirova, Dimitrinka"]
[Black "Marinova, Elka"]
[Result "1/2-1/2"]
[WhiteElo "2085"]
[BlackElo "2075"]
[PlyCount "77"]
[EventDate "1987.??.??"]
[EventType "tourn"]
[EventRounds "12"]
[EventCountry "BUL"]
[SourceTitle "EXT 1999"]
[Source "ChessBase"]
[SourceDate "1998.11.16"]
[SourceVersion "1"]
[SourceVersionDate "1998.11.16"]
[SourceQuality "1"]

1. e4 c5 2. Nf3 d6 3. d4 Nf6 4. Nc3 cxd4 5. Nxd4 a6 6. a4 e5 7. Nb3 Be6 8. Be2 Be7 9. 0-0 0-0 10. Be3 Nc6 11. f3 d5 12. exd5 Nxd5 13. Nxd5 Bxd5 14. c4 Be6 15. Bf2 Rc8 16. Nc5 Qxd1 17. Rfxd1 Nd4 18. Bxd4 Bxc5 19. Bxc5 Rxc5 20. b4 Rcc8 21. c5 a5 22. bxa5 Rxc5 23. a6 bxa6 24. Bxa6 Ra5 25. Bb5 Rc8 26. Rac1 Rxc1 27. Rxc1 f6 28. Rc3 Kf7 29. Kf2 Ra7 30. Ke3 Bd7 31. Bxd7 Rxd7 32. a5 Ra7 33. Ra3 Ke6 34. g4 Kd5 35. h4 g6 36. a6 Kd6 37. f4 exf4+ 38. Kxf4 Kc5 39. Ke4 1/2-1/2